000 00360nam a22001457a 4500
999 _c259174
_d259173
003 OSt
005 20210201110405.0
008 210201b ||||| |||| 00| 0 eng d
020 _a9780273678007
040 _cN/A
100 _aYehuda Baruch
245 _aManaging Careers:
_bTheory and Practice
260 _aNew York
_bPrentice Hall
_c2004
942 _2lcc
_cBK